000
00273nam a2200121Ia 4500
008
231129s9999||||xx |||||||||||||| ||spa||
040
_b
spa
082
_a
551.6 T475c
100
_a
Thompson Philip D
245
0
_a
El clima
264
_a
Time-Life Books
942
_2
ddc
_c
BKS
999
_c
10588
_d
10588